000 00663nam a2200217 i 4500
001 58430
003 ES-MaACL
007 t|
008 031022s1985 sp ||||1| spa d
020 _a84-86311-07-1
100 0 _aDuras, Marguerite,
_d1914-1996
_946279
245 1 3 _aUn dique contra el Pacífico /
_cMarguerite Duras ; [traducción de Oscar Collazos].
250 _a[1ª ed.].
260 _aBarcelona :
_bVersal,
_c1985.
300 _a271 p. ;
_c23 cm.
490 1 _aBiblioteca del corondel
700 1 _aCollazos, Oscar.
_939682
830 0 _aBiblioteca del corondel
_9178070
852 _aES-MaACL
_jL-9490
_bR.109279
999 _c58430
_d58430